000 00542nam a22002177a 4500
003 OSt
005 20231018121745.0
008 171127b xxu||||| |||| 00| 0 eng d
020 _a9780340816639
040 _cDNLM
050 _aWP100 L588g 2006
082 _aWP100 L588g 2006
100 _aEidited by Monga, Ash
_912255
245 _aGynaecology by Ten Teachers
250 _a18th ed.
260 _aUK; Hodder, 2006
300 _a245p. ;col.ill: 25cm
504 _aIndex included
650 _aGynaecology
_9357
942 _2z
_cB_BANK
999 _c5881
_d5881